000 00542nam a2200181Ia 4500
001 8211
005 20260306160552.0
008 260306t2016||||xx |||||||||||||| ||spa||
041 _aESP
082 _a370.15
_bM22
100 _aMansione, Isabel
_eAUT
245 0 _aCaja de herramientas para la educación emocional:
_bdiseño de proyectos institucionales. Técnicas para coordinar grupos. Acciones socio-comunitarias
260 _c2016
300 _a179 páginas :
_c28 cm.
650 _aGEN
654 _aCED
942 _cLIB
_dJUS
_fJUS
_2ddc
_n
999 _c8211
_d8211